000
00198 a2200097 4500
001
7468
100
_a
Young, J.F
245
_a
Materials and processes
260
_a
_b
Wiley
_c
090
_c
5991
_d
5991
942
_a
NUST-CAE
_c
M
_c
32479
999
_c
242541
_d
242541